• 首页
  • 本馆介绍
  • 公告通知
  • 最新文献
  • 馆藏检索
  • 电子资源
  • 读者导购
  • 参考咨询
  • 我的图书馆
  • 登录
  • 详细信息显示
  • 放入我的书架
  • 预约/预借图书
  • 作者相关作品
  • 分类相关作品
  • 丛书相关作品
  • 出版社相关作品

书目信息

  • 表格格式
  • 工作单格式
  • 卡片格式
题名:
论褶皱幕
    
 
作者: 尹赞勋 著
分册:  
出版信息: 北京   科学出版社  1978
页数: 106页
开本: 19cm
丛书名:
单 册:
中图分类: P54
科图分类:
主题词: 褶皱幕 , 构造地质学
电子资源:
ISBN:
000 00585nam0 2200241 45
001 0178005586
005 20040524083421.3
010    @dCNY0.52
091    @a13031.702
100    @a19950726d1978 kemy0chiy0121 ea
101 0  @achi
102    @aCN@b110000
105    @ay z 000yy
106    @ar
200 10 @a论褶皱幕@Alun zhe zhou mu@f尹赞勋等著
210    @a北京@c科学出版社@d1978
215    @a106页@d19cm
606    @a褶皱幕
606 0  @a构造地质学
690    @aP54
701  0 @a尹赞勋@Ayin zan xun deng@4著
801  0 @aCN@bNLC@c20040524
905    @f2@b249368-369@dP54@e54
    
    论褶皱幕/尹赞勋等著.-北京:科学出版社,1978
    106页;19cm
    
    
    ISBN :CNY0.52
    
●
相关链接 在E读中查询图书 在五车中查询图书 在当当中查询图书 在豆瓣中查询图书


正题名:论褶皱幕     索取号:P54/54         预约/预借

序号 登录号 条形码 馆藏地/架位号 状态 备注
1 0249368   000073379   第三借阅区/ [索取号:P54/54] 在馆    
2 0249369   000073360   第三借阅区/ [索取号:P54/54] 在馆    
3 0249370   000073351   第二样本阅览室/ [索取号:P54/54] 在馆    
唐山师范学院图书馆 欢迎您!
大连网信软件有限公司© 版权所有